00711 2200193 4500001002100000005001700021008004100038035002400079082001100103090002000114100002100134245016700155260006700322300004300389500003100432504002700463650000900490990001800499YOGYA-0213000000014320130205115726.0 ind  0010-021300000000143 a332.04 aSK 332.04 Sri A aSRI EDI NGADIYEM aAnalisis perencanaan laba :bstudi kasus pada industri kerajinan anyaman bambu (Bamboo Handicraft) Tunggak Seni Moyudan Yogyakarta/cdisusun oleh Sri Edi Ngadiyem aYogyakarta :bFakultas Ekonomi. Universitas Cokroaminotoc1997 axi, 91 (32) lbr.:bilus, lamp.;c29 cm aSkripsi Univ. Cokroaminoto aBibliografi : (lbr.92) aLaba a43429-PD/A.12